000 00321 a2200157 4500
001 182797
020 _a
040 _cMagnum
100 _aMalba Tahan
240 1 0 _aNovas lendas orientais
_lpor
245 1 0 _aNovas lendas orientais
300 _a220
362 0 _a1965
697 _aLITERATURA GERAL
942 _cBK
999 _c182797
_d182797